000 00857nam a2200265Ia 4500
003 OSt
005 20220925224904.0
006 a|||||r|||| 00| 0
007 ta
008 220923b |||||||| |||| 00| 0 eng d
020 _a10:0415374774
_c6016.50
037 _b468, 21/11/2006, Bright Book Service
_cGeneral Book
040 _aRTL
_cRTL
_beng
041 _2eng
_aeng
082 _aV41,41M21.P, P6
100 _aBrodsgaard K E
_9291625
245 0 _aChinese Communist Party in reform
260 _aLondon
_bRoutledge Press
_c2006
300 _aix, 268p
_ccm.
490 _aRoutledge Studies on the Chinese Economy
650 _aSociology
700 _a Yongnian Zheng
_9291626
942 _hV41,41M21.P, P6
_cGB
_2CC
999 _c582466
_d582466